| 000 | 00737nam a2200217 a 4500 | ||
|---|---|---|---|
| 001 | 000018604 | ||
| 005 | 20200929165829.0 | ||
| 008 | 100512s1982 pr 000 f spa d | ||
| 020 | _a8439923694 | ||
| 040 |
_aDO-SdBNP _bspa _cBNPHU |
||
| 082 |
_aPR863. 44 _bM519y |
||
| 100 | 1 |
_aMeléndez Muñoz Miguel _d1884- _940211 |
|
| 245 | 1 | 0 |
_aYuyo : _bnovela de costumbres puertorriqueñas / _cMiguel Meléndez Muñoz. |
| 260 |
_aRío Piedras, Puerto Rico : _bFundación Miguel Meléndez Muñoz, _c1982. |
||
| 300 |
_a120 p. ; _c22 cm. |
||
| 500 | _aIncluye notas al pie de las páginas | ||
| 650 | 4 |
_aNovela puertorriqueña _91185 |
|
| 650 | 4 |
_aLiteratura puertorriqueña _9250 |
|
| 910 | _aValidado. Control de calidad MFF | ||
| 049 | _aBNGR | ||
| 999 |
_c18124 _d18124 |
||